[Event "FIRST SATURDAY FM MARCH 2013"]
[Site "Budapest"]
[Date "2013.02.02"]
[Round "1.1"]
[White "Lukacs, Albert"]
[Black "Darazs, Zoltan"]
[Result "0-1"]
[WhiteElo "1872"]
[BlackElo "2109"]
[PlyCount "66"]
[EventDate "2013.02.02"]

1. e4 e5 2. Nf3 Nc6 3. d4 exd4 4. Bc4 Nf6 5. Bg5 h6 6. Bh4 g5 7. Bg3 Nxe4 8.
O-O d5 9. Re1 Be6 10. Bb5 Bg7 11. Nbd2 Nxg3 12. hxg3 O-O 13. Nb3 Bg4 14. Qd3
Qf6 15. Nc5 Bxf3 16. gxf3 Ne5 17. Rxe5 Qxe5 18. Nd7 Qe6 19. Nxf8 Rxf8 20. Qd2
c5 21. b3 a6 22. Re1 Qf5 23. Bd3 Qxf3 24. Re7 b5 25. Qe1 c4 26. Be2 Qf5 27. Bh5
d3 28. g4 Qf4 29. cxd3 cxd3 30. Kg2 d2 31. Qe2 Bd4 32. f3 Be5 33. Kf1 Qd4 0-1

[Event "FIRST SATURDAY FM MARCH 2013"]
[Site "Budapest"]
[Date "2013.02.02"]
[Round "1.2"]
[White "Bohus, Adam"]
[Black "Marcu, Simon"]
[Result "1-0"]
[WhiteElo "1888"]
[BlackElo "1910"]
[PlyCount "75"]
[EventDate "2013.02.02"]

1. d4 d5 2. Nf3 Nf6 3. c4 Bf5 4. Nc3 e6 5. Qb3 b6 6. cxd5 Nxd5 7. e3 Be7 8. Bc4
Nxc3 9. bxc3 O-O 10. O-O Nc6 11. Bb5 Na5 12. Qa4 a6 13. Be2 c5 14. Ne5 b5 15.
Qd1 f6 16. Nd3 c4 17. Ne1 e5 18. Bf3 e4 19. Bg4 Bxg4 20. Qxg4 f5 21. Qe2 Bd6
22. Nc2 Qe7 23. f4 Rfc8 24. Rb1 Rab8 25. Rd1 Kh8 26. Nb4 Bxb4 27. Rxb4 Nc6 28.
Rb1 Qd6 29. a4 Na5 30. Qa2 Nb3 31. Ba3 Qd5 32. Bb4 a5 33. Be7 Qd7 34. Ba3 bxa4
35. d5 Rb5 36. d6 Qe6 37. Qe2 Rd8 38. Qh5 1-0

[Event "FIRST SATURDAY FM MARCH 2013"]
[Site "Budapest"]
[Date "2013.02.02"]
[Round "1.3"]
[White "Kassel, Walter"]
[Black "Mayer, Istvan"]
[Result "0-1"]
[WhiteElo "1882"]
[BlackElo "2027"]
[PlyCount "80"]
[EventDate "2013.02.02"]

1. d4 d5 2. c4 dxc4 3. Nf3 a6 4. e3 Nf6 5. Bxc4 e6 6. O-O b5 7. Bd3 Bb7 8. Qc2
Nbd7 9. Rd1 Qb8 10. a4 b4 11. Nbd2 c5 12. Ne4 cxd4 13. exd4 Be7 14. Bg5 b3 15.
Qe2 h6 16. Bh4 Nxe4 17. Bxe4 Bxh4 18. Nxh4 O-O 19. Rd3 Nf6 20. Bxb7 Qxb7 21.
Ra3 Rac8 22. Qd1 Rc4 23. Raxb3 Qe4 24. Nf3 Rxa4 25. Nd2 Qd5 26. Nf3 Rd8 27.
Rbc3 Ra2 28. Rc5 Qb7 29. b3 Ne4 30. Rc2 Rxc2 31. Qxc2 Rc8 32. Qb2 Qc7 33. Ne1
Qf4 34. Rd1 Nc3 35. Rd2 Qe4 36. Kf1 Nb5 37. f3 Qd5 38. Nc2 Rc3 39. Nb4 Qd6 40.
Nc2 Qxh2 0-1

[Event "FIRST SATURDAY FM MARCH 2013"]
[Site "Budapest"]
[Date "2013.02.02"]
[Round "1.4"]
[White "Krstulovic, Alex"]
[Black "Bartha, Sandor"]
[Result "1/2-1/2"]
[WhiteElo "1893"]
[BlackElo "2169"]
[PlyCount "91"]
[EventDate "2013.02.02"]

1. d4 d5 2. c4 c6 3. Nf3 Nf6 4. Nc3 dxc4 5. a4 Bf5 6. e3 e6 7. Bxc4 Bb4 8. O-O
Nbd7 9. Nh4 Bg6 10. Qb3 a5 11. Na2 Bd6 12. Qxb7 Be4 13. Nc3 Ng4 14. h3 Rb8 15.
Qa6 Rb6 16. Qxa5 Bb4 17. Qh5 Ndf6 18. Qg5 h6 19. Qxg7 Rg8 20. Qxg8+ Nxg8 21.
Nxe4 Qxh4 22. hxg4 Qxg4 23. f3 Qh5 24. a5 Rb7 25. Ra4 Be7 26. a6 Ra7 27. Bd2 f5
28. Nf2 Qg6 29. Ba5 Bd8 30. Bxd8 Kxd8 31. Nd3 Ne7 32. Nf4 Qe8 33. Nxe6+ Kd7 34.
Nc5+ Kc7 35. e4 Qh8 36. e5 h5 37. Rb4 h4 38. Kh2 f4 39. Rg1 Nd5 40. Bxd5 cxd5
41. Ne6+ Kd7 42. Nxf4 Qg8 43. Ne2 Qc8 44. Rb6 Qc4 45. Nc3 Qxd4 46. Re6 1/2-1/2

[Event "FIRST SATURDAY FM MARCH 2013"]
[Site "Budapest"]
[Date "2013.02.02"]
[Round "1.5"]
[White "Juracsik, Jozsef"]
[Black "Farkas, Richard"]
[Result "1/2-1/2"]
[WhiteElo "2136"]
[BlackElo "2121"]
[PlyCount "32"]
[EventDate "2013.02.02"]

1. e4 c5 2. Nf3 e6 3. d4 cxd4 4. Nxd4 a6 5. g3 Nf6 6. Bg2 Nc6 7. O-O d6 8. c4
Be7 9. Nc3 Qc7 10. b3 Bd7 11. Bb2 Rc8 12. Rc1 Qb8 13. h3 O-O 14. Kh2 Nxd4 15.
Qxd4 Rfd8 16. a4 b5 1/2-1/2

[Event "FIRST SATURDAY FM MARCH 2013"]
[Site "Budapest"]
[Date "2013.02.04"]
[Round "2.1"]
[White "Darazs, Zoltan"]
[Black "Farkas, Richard"]
[Result "1/2-1/2"]
[WhiteElo "2109"]
[BlackElo "2121"]
[PlyCount "39"]
[EventDate "2013.02.02"]

1. e4 e6 2. d4 d5 3. Nc3 Bb4 4. e5 c5 5. a3 Bxc3+ 6. bxc3 Ne7 7. Qg4 cxd4 8.
Qxg7 Rg8 9. Qxh7 Qc7 10. Ne2 Nbc6 11. f4 dxc3 12. Qd3 d4 13. Nxd4 Nxd4 14. Qxd4
Bd7 15. a4 Nf5 16. Qf2 Qc6 17. Rg1 Qe4+ 18. Qe2 Qd4 19. Qf2 Qe4+ 20. Qe2
1/2-1/2

[Event "FIRST SATURDAY FM MARCH 2013"]
[Site "Budapest"]
[Date "2013.02.04"]
[Round "2.2"]
[White "Bartha, Sandor"]
[Black "Juracsik, Jozsef"]
[Result "1/2-1/2"]
[WhiteElo "2169"]
[BlackElo "2136"]
[PlyCount "38"]
[EventDate "2013.02.02"]

1. c4 c5 2. Nc3 Nc6 3. g3 g6 4. Bg2 Bg7 5. Nf3 Nf6 6. O-O O-O 7. d4 cxd4 8.
Nxd4 Qb6 9. Nb3 d6 10. Bg5 Be6 11. Nd5 Bxd5 12. cxd5 Ne5 13. Be3 Qa6 14. Bd4
Ned7 15. e4 Rac8 16. Re1 Qa4 17. f4 Nb6 18. Bc3 Rfd8 19. Qf3 Ne8 1/2-1/2

[Event "FIRST SATURDAY FM MARCH 2013"]
[Site "Budapest"]
[Date "2013.02.04"]
[Round "2.4"]
[White "Marcu, Simon"]
[Black "Kassel, Walter"]
[Result "0-1"]
[WhiteElo "1910"]
[BlackElo "1882"]
[PlyCount "78"]
[EventDate "2013.02.02"]

1. d4 Nf6 2. c4 e6 3. a3 b6 4. Nc3 Bb7 5. Bg5 Be7 6. f3 d5 7. e3 h6 8. Bh4 Nbd7
9. Bd3 O-O 10. Nge2 c5 11. O-O Rc8 12. cxd5 Nxd5 13. Bf2 N7f6 14. Na4 c4 15.
Bc2 b5 16. Nac3 Qd7 17. e4 Nb6 18. Qd2 Rfd8 19. Rfd1 Qc6 20. Qf4 a5 21. e5 Nfd5
22. Qe4 g6 23. Qg4 Nxc3 24. Nxc3 Kg7 25. h4 h5 26. Qg3 b4 27. axb4 axb4 28. Ne4
Nd5 29. Rac1 Qa6 30. Bb1 c3 31. b3 Qe2 32. Bc2 Ra8 33. Re1 Qb5 34. f4 Ra2 35.
Qf3 Rda8 36. g4 hxg4 37. Qxg4 Rh8 38. Re3 Nxe3 39. Bxe3 Rxc2 0-1

[Event "FIRST SATURDAY FM MARCH 2013"]
[Site "Budapest"]
[Date "2013.02.04"]
[Round "2.5"]
[White "Lukacs, Albert"]
[Black "Bohus, Adam"]
[Result "1-0"]
[WhiteElo "1872"]
[BlackElo "1888"]
[PlyCount "57"]
[EventDate "2013.02.02"]

1. e4 e5 2. Nf3 Nc6 3. d4 exd4 4. Bc4 Bc5 5. O-O Nf6 6. e5 d5 7. exf6 dxc4 8.
fxg7 Rg8 9. Re1+ Be7 10. Ng5 Bf5 11. Qh5 Bg6 12. Nxh7 Qd6 13. Qh3 Bxh7 14. Qxh7
O-O-O 15. Qf5+ Kb8 16. Bf4 Qb4 17. Nd2 Rxg7 18. a3 Qa4 19. b3 cxb3 20. cxb3 Qa6
21. b4 Rdg8 22. g3 Bd8 23. b5 Qa5 24. Nb3 Qc3 25. bxc6 Qxb3 26. Rab1 Rg5 27.
Bxg5 Rxg5 28. Re8 Qd5 29. Rxb7+ 1-0

[Event "FIRST SATURDAY FM MARCH 2013"]
[Site "Budapest"]
[Date "2013.02.05"]
[Round "3.1"]
[White "Bohus, Adam"]
[Black "Darazs, Zoltan"]
[Result "1-0"]
[WhiteElo "1888"]
[BlackElo "2109"]
[PlyCount "87"]
[EventDate "2013.02.02"]

1. d4 Nf6 2. c4 g6 3. Nc3 d5 4. cxd5 Nxd5 5. e4 Nxc3 6. bxc3 Bg7 7. Bb5+ c6 8.
Ba4 O-O 9. Ne2 c5 10. O-O a6 11. Be3 b5 12. Bc2 cxd4 13. cxd4 Nc6 14. Qd2 Bb7
15. Rac1 Rc8 16. Rfd1 e6 17. e5 Ne7 18. Bg5 f6 19. Bxf6 Bxf6 20. exf6 Rxf6 21.
Bb3 Nd5 22. Rxc8 Qxc8 23. Qg5 Qf8 24. f3 a5 25. Ng3 a4 26. Bc2 Nc3 27. Re1 h6
28. Qg4 Kf7 29. h4 Qb4 30. h5 g5 31. Bg6+ Ke7 32. Nf5+ Kd7 33. Nxh6 Bd5 34.
Qxg5 Qxd4+ 35. Kh2 Rf4 36. Ng4 Qd2 37. Ne5+ Kc8 38. Qg3 Qd4 39. Ng4 Qd2 40. Ne5
Qd4 41. Kh3 Bc4 42. Nxc4 Qxc4 43. h6 Rf8 44. Qe5 1-0

[Event "FIRST SATURDAY FM MARCH 2013"]
[Site "Budapest"]
[Date "2013.02.05"]
[Round "3.2"]
[White "Kassel, Walter"]
[Black "Lukacs, Albert"]
[Result "1/2-1/2"]
[WhiteElo "1882"]
[BlackElo "1872"]
[PlyCount "44"]
[EventDate "2013.02.02"]

1. d4 d5 2. c4 e6 3. Nc3 Nf6 4. Nf3 a6 5. cxd5 exd5 6. Bg5 Be7 7. e3 Nbd7 8.
Be2 Nb6 9. O-O h6 10. Bxf6 Bxf6 11. Qc2 O-O 12. b4 Re8 13. a4 Bg4 14. Rfc1 a5
15. b5 Bh5 16. Nd1 Bxf3 17. Bxf3 Bxd4 18. Nc3 Be5 19. Rd1 Qh4 20. h3 Rad8 21.
Rac1 c6 22. Ne2 Nc4 1/2-1/2

[Event "FIRST SATURDAY FM MARCH 2013"]
[Site "Budapest"]
[Date "2013.02.05"]
[Round "3.3"]
[White "Krstulovic, Alex"]
[Black "Marcu, Simon"]
[Result "1-0"]
[WhiteElo "1893"]
[BlackElo "1910"]
[PlyCount "155"]
[EventDate "2013.02.02"]

1. d4 d5 2. c4 e6 3. Nc3 Nf6 4. cxd5 exd5 5. Bg5 Be7 6. e3 O-O 7. Qc2 c6 8. Bd3
h6 9. Bh4 Be6 10. Nf3 Nbd7 11. O-O Nh5 12. Bxe7 Qxe7 13. Rab1 c5 14. dxc5 Nxc5
15. Bh7+ Kh8 16. Bf5 Rac8 17. Bxe6 Qxe6 18. Nd4 Qe5 19. Qf5 Qxf5 20. Nxf5 Rcd8
21. Rbd1 Nf6 22. Ne7 Rd7 23. Nexd5 Nxd5 24. Rxd5 Rxd5 25. Nxd5 Rd8 26. Rd1 b5
27. Kf1 Rd7 28. Ke2 a6 29. Kf3 g6 30. e4 Kg7 31. Ke3 Ne6 32. Rc1 Rd6 33. g4 g5
34. Rc3 Nf4 35. Nxf4 gxf4+ 36. Kxf4 Rd2 37. Kg3 a5 38. Rb3 b4 39. a3 bxa3 40.
Rxa3 Rxb2 41. Rxa5 Rb3+ 42. Kf4 Rh3 43. Rh5 Rb3 44. f3 Ra3 45. h4 Ra1 46. Rd5
Rh1 47. h5 Rb1 48. Ke3 Re1+ 49. Kd4 Rf1 50. Rf5 Rd1+ 51. Ke3 Re1+ 52. Kf4 Rg1
53. e5 Re1 54. Rf6 Re2 55. Kf5 Re3 56. f4 Re2 57. Rd6 Ra2 58. Rd7 Ra5 59. g5
hxg5 60. fxg5 Rb5 61. h6+ Kg8 62. Rd8+ Kh7 63. Rf8 Rb7 64. Kf6 Rb6+ 65. Kxf7
Rf6+ 66. Ke7 Rb6 67. e6 Rb5 68. Kf6 Rf5+ 69. Ke7 Rb5 70. g6+ Kxg6 71. Rf6+ Kh7
72. Kf7 Rb7+ 73. Ke8 Rb8+ 74. Kd7 Kg8 75. e7 Rb7+ 76. Kd8 Rb8+ 77. Kc7 Re8 78.
Kd7 1-0

[Event "FIRST SATURDAY FM MARCH 2013"]
[Site "Budapest"]
[Date "2013.02.05"]
[Round "3.4"]
[White "Juracsik, Jozsef"]
[Black "Mayer, Istvan"]
[Result "1-0"]
[WhiteElo "2136"]
[BlackElo "2027"]
[PlyCount "46"]
[EventDate "2013.02.02"]

1. e4 e6 2. d4 d5 3. Nc3 Nf6 4. Bg5 Be7 5. e5 Nfd7 6. h4 a6 7. Qg4 Bxg5 8. hxg5
c5 9. dxc5 Nxe5 10. Qg3 Nbc6 11. O-O-O f5 12. Nh3 Qa5 13. Kb1 d4 14. Rxd4 Qxc5
15. Rd2 Bd7 16. Be2 b5 17. Rhd1 O-O-O 18. Nf4 Rhe8 19. Qh3 Re7 20. a3 Rf7 21.
b4 Qa7 22. Bxb5 Nb8 23. Be2 Nec6 1-0

[Event "FIRST SATURDAY FM MARCH 2013"]
[Site "Budapest"]
[Date "2013.02.05"]
[Round "3.5"]
[White "Farkas, Richard"]
[Black "Bartha, Sandor"]
[Result "1/2-1/2"]
[WhiteElo "2121"]
[BlackElo "2169"]
[PlyCount "81"]
[EventDate "2013.02.02"]

1. e4 c5 2. Nf3 d6 3. d4 cxd4 4. Qxd4 a6 5. Be2 Nc6 6. Qe3 g6 7. c4 Bg7 8. Nc3
Bg4 9. O-O Bxf3 10. Bxf3 Rc8 11. Bg4 e6 12. Be2 Nd4 13. Bd3 Ne7 14. Bd2 O-O 15.
Rac1 Nec6 16. b3 Qh4 17. Ne2 f5 18. exf5 exf5 19. Nxd4 Nxd4 20. Qg3 Qf6 21. Bg5
Qf7 22. Bf4 Kh8 23. f3 Rc6 24. Rfd1 Ne6 25. Bf1 Nxf4 26. Qxf4 Be5 27. Qe3 Qg7
28. Rd5 f4 29. Qe4 Bb2 30. Rc2 Ba3 31. g4 fxg3 32. hxg3 Rcc8 33. Re2 Bc5+ 34.
Kg2 Qf6 35. f4 b6 36. Qe6 Qxe6 37. Rxe6 Rce8 38. Re2 Rxe2+ 39. Bxe2 Re8 40. Rd2
a5 41. Bf3 1/2-1/2

[Event "FIRST SATURDAY FM MARCH 2013"]
[Site "Budapest"]
[Date "2013.02.06"]
[Round "4.1"]
[White "Darazs, Zoltan"]
[Black "Bartha, Sandor"]
[Result "1/2-1/2"]
[WhiteElo "2109"]
[BlackElo "2169"]
[PlyCount "36"]
[EventDate "2013.02.02"]

1. e4 e5 2. Nf3 Nc6 3. Bb5 a6 4. Ba4 Nf6 5. O-O Be7 6. Re1 b5 7. Bb3 O-O 8. c3
d5 9. exd5 Nxd5 10. Nxe5 Nxe5 11. Rxe5 c6 12. d4 Bd6 13. Re1 Qh4 14. g3 Qh3 15.
Re4 Qd7 16. Re1 Qh3 17. Re4 Qd7 18. Re1 Qh3 1/2-1/2

[Event "FIRST SATURDAY FM MARCH 2013"]
[Site "Budapest"]
[Date "2013.02.06"]
[Round "4.2"]
[White "Mayer, Istvan"]
[Black "Farkas, Richard"]
[Result "1/2-1/2"]
[WhiteElo "2027"]
[BlackElo "2121"]
[PlyCount "66"]
[EventDate "2013.02.02"]

1. e4 e6 2. d4 d5 3. e5 c5 4. c3 Qb6 5. Nf3 Bd7 6. Be2 Nc6 7. O-O Nh6 8. b3
cxd4 9. cxd4 Nf5 10. Bb2 Be7 11. Kh1 h5 12. Nc3 a6 13. Na4 Qa7 14. Rc1 b6 15.
Bd3 g6 16. Bb1 Na5 17. Nc3 b5 18. Qd2 Nc6 19. Ne2 h4 20. h3 a5 21. a3 Qb6 22.
Rfd1 Rc8 23. Nh2 Qd8 24. Ng4 Kf8 25. Bd3 Qb6 26. Bb1 Kg7 27. Ng1 Rh5 28. Nf3
Rch8 29. Qe2 Bc8 30. Qc2 Bb7 31. Qd2 Ba6 32. Kg1 Rc8 33. Rc2 Bb7 1/2-1/2

[Event "FIRST SATURDAY FM MARCH 2013"]
[Site "Budapest"]
[Date "2013.02.06"]
[Round "4.3"]
[White "Marcu, Simon"]
[Black "Juracsik, Jozsef"]
[Result "0-1"]
[WhiteElo "1910"]
[BlackElo "2136"]
[PlyCount "70"]
[EventDate "2013.02.02"]

1. d4 Nf6 2. c4 c5 3. d5 e6 4. Nc3 exd5 5. Nxd5 Nxd5 6. Qxd5 Nc6 7. Bd2 d6 8.
Nf3 Be6 9. Qe4 Be7 10. Bc3 Bf6 11. Rc1 O-O 12. e3 Bxc3+ 13. Rxc3 d5 14. cxd5
Bxd5 15. Qb1 Qe7 16. Be2 Nb4 17. b3 Be4 18. Qa1 Nc2+ 19. Rxc2 Bxc2 20. O-O Be4
21. Nd2 Bc6 22. a4 Rad8 23. Nc4 Qg5 24. g3 b6 25. f4 Qe7 26. f5 f6 27. Qc3 Kh8
28. Bf3 Bxf3 29. Rxf3 Qe4 30. Kf2 Rd3 31. Qc1 Rfd8 32. Rf4 Qd5 33. Qc2 Qh1 34.
Rh4 Rd1 35. Qe2 Rg1 0-1

[Event "FIRST SATURDAY FM MARCH 2013"]
[Site "Budapest"]
[Date "2013.02.06"]
[Round "4.4"]
[White "Lukacs, Albert"]
[Black "Krstulovic, Alex"]
[Result "1/2-1/2"]
[WhiteElo "1872"]
[BlackElo "1893"]
[PlyCount "35"]
[EventDate "2013.02.02"]

1. e4 c5 2. Nc3 d6 3. g3 Nc6 4. Bg2 g6 5. Nge2 Bg7 6. O-O e6 7. d3 Nge7 8. Bg5
O-O 9. Qd2 Nd4 10. Rab1 Qc7 11. b4 cxb4 12. Rxb4 Nec6 13. Rc4 b5 14. Rxd4 Nxd4
15. Nxd4 Bxd4 16. Nxb5 Qc5 17. Nxd4 Qxd4 18. e5 1/2-1/2

[Event "FIRST SATURDAY FM MARCH 2013"]
[Site "Budapest"]
[Date "2013.02.06"]
[Round "4.5"]
[White "Bohus, Adam"]
[Black "Kassel, Walter"]
[Result "0-1"]
[WhiteElo "1888"]
[BlackElo "1882"]
[PlyCount "90"]
[EventDate "2013.02.02"]

1. d4 Nf6 2. c4 e6 3. Nc3 Bb4 4. e3 O-O 5. Bd3 d5 6. Nf3 c5 7. O-O Nc6 8. a3
Bxc3 9. bxc3 dxc4 10. Bxc4 Qc7 11. Qc2 Re8 12. Bb2 e5 13. Bb5 e4 14. Nd2 Ng4
15. g3 a6 16. Be2 Qe7 17. a4 Qe6 18. Qd1 cxd4 19. Bxg4 Qxg4 20. Qxg4 Bxg4 21.
cxd4 Nb4 22. Ba3 Nc2 23. Ra2 Nxa3 24. Rxa3 Be2 25. Rb1 b5 26. axb5 axb5 27.
Rxa8 Rxa8 28. Re1 Bd3 29. f3 f5 30. fxe4 fxe4 31. Nb3 b4 32. Nc5 Bc2 33. Re2 b3
34. Nxb3 Bxb3 35. Rb2 Ra1+ 36. Kf2 Ra2 37. Rxa2 Bxa2 38. g4 Kf7 39. Kg3 g5 40.
Kf2 Ke6 41. Ke2 Kd5 42. Kd2 Kc4 43. Kc2 Bb3+ 44. Kb2 Bd1 45. h3 Be2 0-1

[Event "FIRST SATURDAY FM MARCH 2013"]
[Site "Budapest"]
[Date "2013.02.07"]
[Round "5.1"]
[White "Kassel, Walter"]
[Black "Darazs, Zoltan"]
[Result "1/2-1/2"]
[WhiteElo "1882"]
[BlackElo "2109"]
[PlyCount "28"]
[EventDate "2013.02.02"]

1. d4 Nf6 2. c4 g6 3. Nc3 d5 4. cxd5 Nxd5 5. e4 Nxc3 6. bxc3 Bg7 7. Bc4 c5 8.
Ne2 Nc6 9. Be3 O-O 10. O-O Qc7 11. Qc2 Na5 12. Bb3 c4 13. Ba4 a6 14. Qd2 b5
1/2-1/2

[Event "FIRST SATURDAY FM MARCH 2013"]
[Site "Budapest"]
[Date "2013.02.07"]
[Round "5.2"]
[White "Krstulovic, Alex"]
[Black "Bohus, Adam"]
[Result "1-0"]
[WhiteElo "1893"]
[BlackElo "1888"]
[PlyCount "125"]
[EventDate "2013.02.02"]

1. d4 d5 2. Nf3 Nf6 3. c4 dxc4 4. e3 e6 5. Bxc4 a6 6. O-O c5 7. Bb3 b5 8. a4 b4
9. Nbd2 Be7 10. Qe2 O-O 11. Rd1 cxd4 12. Nxd4 Qc7 13. Nc4 Nc6 14. Nxc6 Qxc6 15.
Bd2 Bb7 16. f3 Qc5 17. Rac1 Qh5 18. Be1 e5 19. Na5 Bc8 20. Nc6 Re8 21. Nxe7+
Rxe7 22. Bxb4 Re8 23. Rc7 Be6 24. Bxe6 Rxe6 25. e4 Qg5 26. Qd2 Qg6 27. Rdc1
Ree8 28. Qe3 Rab8 29. Ba3 h5 30. R1c6 Ra8 31. Qc3 h4 32. Be7 h3 33. g3 Nxe4 34.
Qxe5 Nd2 35. Kf2 Qd3 36. Qe2 Qd4+ 37. Qe3 Qxe3+ 38. Kxe3 Nf1+ 39. Kf2 Nxh2 40.
Rc1 Rab8 41. b4 Rb6 42. Rc8 Rxc8 43. Rxc8+ Kh7 44. Rc4 Re6 45. Rh4+ Kg6 46. Bc5
Rf6 47. Rf4 Rxf4 48. gxf4 Kf5 49. b5 axb5 50. axb5 Ke6 51. f5+ Kd5 52. Be3 f6
53. Bf4 Nxf3 54. Kxf3 Kc5 55. Kg3 Kxb5 56. Kxh3 Kc6 57. Kg4 Kd7 58. Kh5 Ke7 59.
Kg6 Kf8 60. Bd6+ Kg8 61. Be7 Kh8 62. Bxf6 Kg8 63. Be5 1-0

[Event "FIRST SATURDAY FM MARCH 2013"]
[Site "Budapest"]
[Date "2013.02.07"]
[Round "5.3"]
[White "Juracsik, Jozsef"]
[Black "Lukacs, Albert"]
[Result "1-0"]
[WhiteElo "2136"]
[BlackElo "1872"]
[PlyCount "67"]
[EventDate "2013.02.02"]

1. e4 d5 2. exd5 Qxd5 3. Nf3 Bg4 4. Be2 Nc6 5. c4 Qd7 6. d4 e6 7. Nc3 Nf6 8.
O-O O-O-O 9. Qa4 a6 10. d5 exd5 11. cxd5 Nb4 12. Qb3 Qf5 13. Be3 Bd6 14. Rfd1
Qc2 15. Qc4 Qg6 16. Rac1 Rhe8 17. Rd2 Rxe3 18. fxe3 Qh6 19. Nd1 Bxf3 20. Bxf3
Qxh2+ 21. Kf1 Qh1+ 22. Ke2 Nh5 23. Qg4+ f5 24. Qxf5+ Kb8 25. Qxh5 Qg1 26. a3
Na2 27. Rc4 Bg3 28. Qg5 Qe1+ 29. Kd3 Rd6 30. Kc2 h6 31. Qxg7 Qf1 32. Rxc7 Rb6
33. d6 Qb5 34. Rxb7+ 1-0

[Event "FIRST SATURDAY FM MARCH 2013"]
[Site "Budapest"]
[Date "2013.02.07"]
[Round "5.4"]
[White "Farkas, Richard"]
[Black "Marcu, Simon"]
[Result "1-0"]
[WhiteElo "2121"]
[BlackElo "1910"]
[PlyCount "99"]
[EventDate "2013.02.02"]

1. e4 e5 2. Nf3 d6 3. Bc4 Be7 4. d4 exd4 5. Nxd4 Nf6 6. Nc3 Bg4 7. f3 Bh5 8.
Nf5 O-O 9. Nxe7+ Qxe7 10. Bg5 c6 11. Qd4 Nbd7 12. O-O-O Ne5 13. Be2 Rfd8 14. g4
Bg6 15. f4 c5 16. Qg1 Nc6 17. f5 Nd4 18. fxg6 fxg6 19. Bc4+ Kh8 20. Qg2 Qe5 21.
h4 b5 22. Bd5 Rab8 23. Bxf6 gxf6 24. Ne2 Ne6 25. Qg3 Qxg3 26. Nxg3 Nd4 27. c3
Nf3 28. Rdf1 Ne5 29. Rxf6 Nxg4 30. Rf4 Ne5 31. Kc2 c4 32. Ne2 b4 33. Nc1 a5 34.
Rg1 a4 35. cxb4 Rxb4 36. a3 Rb6 37. Kc3 Rdb8 38. Rf2 Re8 39. h5 Rbb8 40. hxg6
hxg6 41. Rh1+ Kg7 42. Rfh2 Rf8 43. Rh7+ Kf6 44. Ne2 Rb3+ 45. Kc2 Rfb8 46. Rb1
Nd3 47. Rf1+ Kg5 48. Rg1+ Kf6 49. Rf7+ Ke5 50. Rg5# 1-0

[Event "FIRST SATURDAY FM MARCH 2013"]
[Site "Budapest"]
[Date "2013.02.07"]
[Round "5.5"]
[White "Bartha, Sandor"]
[Black "Mayer, Istvan"]
[Result "1/2-1/2"]
[WhiteElo "2169"]
[BlackElo "2027"]
[PlyCount "29"]
[EventDate "2013.02.02"]

1. e4 e6 2. d4 d5 3. exd5 exd5 4. Nf3 Nf6 5. Be2 h6 6. O-O Be6 7. c3 Bd6 8. Qb3
b6 9. Nbd2 c6 10. Re1 Qc7 11. Qc2 Nbd7 12. Bd3 O-O 13. Nf1 Rae8 14. Be3 c5 15.
h3 1/2-1/2

[Event "FIRST SATURDAY FM MARCH 2013"]
[Site "Budapest"]
[Date "2013.02.08"]
[Round "6.1"]
[White "Darazs, Zoltan"]
[Black "Mayer, Istvan"]
[Result "1/2-1/2"]
[WhiteElo "2109"]
[BlackElo "2027"]
[PlyCount "24"]
[EventDate "2013.02.02"]

1. e4 e6 2. d4 d5 3. e5 c5 4. c3 Nc6 5. Nf3 Qb6 6. a3 cxd4 7. cxd4 Bd7 8. Be2
Be7 9. O-O f6 10. exf6 Nxf6 11. Re1 Bd6 12. Bd3 O-O 1/2-1/2

[Event "FIRST SATURDAY FM MARCH 2013"]
[Site "Budapest"]
[Date "2013.02.08"]
[Round "6.2"]
[White "Marcu, Simon"]
[Black "Bartha, Sandor"]
[Result "0-1"]
[WhiteElo "1910"]
[BlackElo "2169"]
[PlyCount "124"]
[EventDate "2013.02.02"]

1. d4 d5 2. Bg5 h6 3. Bh4 c6 4. Nd2 Nf6 5. f3 Bf5 6. e3 Qb6 7. Nb3 Nbd7 8. Bd3
Bxd3 9. Qxd3 e6 10. c3 c5 11. Qb1 Be7 12. Ne2 g5 13. Bf2 g4 14. Bh4 gxf3 15.
gxf3 cxd4 16. exd4 a5 17. Nd2 Nh5 18. Bxe7 Kxe7 19. Qc2 Qc7 20. O-O-O b5 21.
Kb1 Nf4 22. Ng3 h5 23. Rhe1 Kf8 24. Ngf1 h4 25. Ne3 Rc8 26. Rc1 Qb8 27. b3 h3
28. Ng4 Ng2 29. Re2 Qe5 30. Qd3 Qb8 31. Qc2 Qa7 32. f4 b4 33. c4 Qxd4 34. Nf3
Qxf4 35. Nfe5 Nxe5 36. Nxe5 Ke7 37. c5 Ne3 38. Qd2 Qxe5 39. Rxe3 Qf5+ 40. Ka1
Rhg8 41. Re2 Rg2 42. Rxg2 hxg2 43. Qxg2 Qe5+ 44. Kb1 Qe4+ 45. Qxe4 dxe4 46. Rc2
Kd7 47. Kc1 Rh8 48. Kb2 Kc6 49. a3 f5 50. axb4 axb4 51. Kc1 Rh3 52. Kb2 e3 53.
Kc1 f4 54. Kd1 e5 55. Ke1 f3 56. Kf1 Rh8 57. Kg1 Rg8+ 58. Kf1 Ra8 59. Rc1 Ra2
60. Re1 Rf2+ 61. Kg1 Rg2+ 62. Kh1 e2 0-1

[Event "FIRST SATURDAY FM MARCH 2013"]
[Site "Budapest"]
[Date "2013.02.08"]
[Round "6.3"]
[White "Lukacs, Albert"]
[Black "Farkas, Richard"]
[Result "1/2-1/2"]
[WhiteElo "1872"]
[BlackElo "2121"]
[PlyCount "41"]
[EventDate "2013.02.02"]

1. e4 e6 2. d4 d5 3. Nc3 Bb4 4. a3 Bxc3+ 5. bxc3 c5 6. Bb5+ Nc6 7. a4 Nge7 8.
Qg4 O-O 9. e5 a6 10. Bxc6 Nxc6 11. Ne2 f5 12. Qg3 cxd4 13. cxd4 Na5 14. O-O Nc4
15. Nf4 Qe7 16. Rb1 b6 17. Nh5 Kh8 18. Bg5 Qf7 19. Qh4 Ra7 20. Rb3 Bd7 21. Rg3
1/2-1/2

[Event "FIRST SATURDAY FM MARCH 2013"]
[Site "Budapest"]
[Date "2013.02.08"]
[Round "6.4"]
[White "Bohus, Adam"]
[Black "Juracsik, Jozsef"]
[Result "1/2-1/2"]
[WhiteElo "1888"]
[BlackElo "2136"]
[PlyCount "57"]
[EventDate "2013.02.02"]

1. d4 d5 2. Nf3 Nf6 3. c4 c6 4. e3 e6 5. b3 Nbd7 6. Bd3 Bd6 7. Bb2 O-O 8. O-O
Qe7 9. Ne5 a5 10. Nd2 Ba3 11. Bxa3 Qxa3 12. Ndf3 a4 13. c5 h6 14. Qc2 axb3 15.
Qxb3 Nxe5 16. Nxe5 Qxb3 17. axb3 Bd7 18. Rfb1 Rfb8 19. b4 Be8 20. Ra5 Nd7 21.
Nxd7 Bxd7 22. Kf1 Kf8 23. Rba1 Rxa5 24. bxa5 Ra8 25. Ke2 Ke7 26. a6 bxa6 27.
Rxa6 Rxa6 28. Bxa6 f6 29. f4 1/2-1/2

[Event "FIRST SATURDAY FM MARCH 2013"]
[Site "Budapest"]
[Date "2013.02.08"]
[Round "6.5"]
[White "Kassel, Walter"]
[Black "Krstulovic, Alex"]
[Result "1/2-1/2"]
[WhiteElo "1882"]
[BlackElo "1893"]
[PlyCount "50"]
[EventDate "2013.02.02"]

1. d4 Nf6 2. c4 e6 3. Nf3 Bb4+ 4. Bd2 c5 5. g3 O-O 6. Bg2 Nc6 7. O-O d6 8. a3
Bxd2 9. Qxd2 cxd4 10. Nxd4 Nxd4 11. Qxd4 Qc7 12. Nc3 a6 13. Rac1 Rd8 14. Rfd1
Rb8 15. Ne4 Nxe4 16. Qxe4 b6 17. Qf4 Bb7 18. b4 Bxg2 19. Kxg2 Rbc8 20. Rd3 a5
21. Rcd1 Qb7+ 22. Qf3 Qe7 23. Qf4 Qb7+ 24. Qf3 Qe7 25. Qf4 Qb7+ 1/2-1/2

[Event "FIRST SATURDAY FM MARCH 2013"]
[Site "Budapest"]
[Date "2013.02.09"]
[Round "7.1"]
[White "Krstulovic, Alex"]
[Black "Darazs, Zoltan"]
[Result "1/2-1/2"]
[WhiteElo "1893"]
[BlackElo "2109"]
[PlyCount "36"]
[EventDate "2013.02.02"]

1. d4 Nf6 2. c4 g6 3. Nc3 d5 4. Nf3 Bg7 5. Bg5 Ne4 6. Bh4 Nxc3 7. bxc3 c5 8.
cxd5 Qxd5 9. e3 Nc6 10. Be2 cxd4 11. cxd4 O-O 12. O-O e5 13. dxe5 Qa5 14. Bf6
Bxf6 15. exf6 Qf5 16. Nd4 Qxf6 17. Nxc6 Qxc6 18. Bf3 Qa6 1/2-1/2

[Event "FIRST SATURDAY FM MARCH 2013"]
[Site "Budapest"]
[Date "2013.02.09"]
[Round "7.2"]
[White "Juracsik, Jozsef"]
[Black "Kassel, Walter"]
[Result "1-0"]
[WhiteElo "2136"]
[BlackElo "1882"]
[PlyCount "81"]
[EventDate "2013.02.02"]

1. e4 c5 2. Nf3 d6 3. d4 cxd4 4. Nxd4 Nf6 5. Nc3 Nc6 6. Bg5 e6 7. Qd2 Be7 8.
O-O-O a6 9. h4 Qc7 10. h5 h6 11. Bh4 Bd7 12. f3 O-O-O 13. Kb1 Kb8 14. Bf2 Bc8
15. Qe3 Nd7 16. f4 Nc5 17. Be2 Qa5 18. a3 Qc7 19. b4 Nd7 20. Ndb5 axb5 21. Nxb5
Qb6 22. Qxb6 Nxb6 23. Bxb6 Rd7 24. Bf3 Bd8 25. Bf2 Be7 26. Rd3 e5 27. f5 b6 28.
c4 Na7 29. Nc3 Kb7 30. Nd5 Bd8 31. b5 Bc7 32. a4 Rdd8 33. a5 bxa5 34. Bxa7 Kxa7
35. Nxc7 Kb6 36. Nd5+ Kc5 37. Rc1 Bb7 38. Ra3 Bxd5 39. cxd5+ Kxb5 40. Rb3+ Ka4
41. Kb2 1-0